00824nam a2200241Ia 4500001000900000003000500009005001700014008004100031010001100072020001800083040000900101082001200110110001700122245005400139260003800193300001100231500025000242503001300492650002300505650001800528650001600546650002000562dia_3428CHAP20251023163108.0220117s1988 xx 000 0 und d a173892 a968-451-715-7 cCHAP a658 B5Y aMc Graw-Hill aBiblioteca practica de negocios /c Mc Graw-Hill aMéxico :b Mc Graw-Hill,c1988 a8 vol. aLa biblioteca tien: v.1 Administración moderna; v.2 Administración de operaciones; v.3 Administración de personal y recursos humanos; v.4 Administración financiera; v.5 Contabilidad; v.6 Economía; v.7 Mercadotecnía; v.8 Informática aI.144346 a1.Adminstración  aContabilidad  aEconomÍa  aMercadotecnía